Vivir en la periferia : experiencias y estrategias de trabajadoras de casa particular “puertas afuera”, residentes en la comuna de Maipú

En el escenario actual de Chile, se han desencadenado transformaciones sociales que han redefinido los roles y la importancia de la mujer en la sociedad. Movimientos sociales han surgido en distintos puntos del país, subrayando la urgencia de abordar las desigualdades y violencias de género arraigad...

Full description

Bibliographic Details
Main Author: Donoso Troncoso, Carolina
Other Authors: Cienfuegos Illanes, Javiera (profesora guía)
Format: Tesis
Language:Spanish
Published: Santiago, Chile : Universidad Academia de Humanismo Cristiano, 2022.
Subjects:
Online Access:Disponible en línea (PDF). Biblioteca Digital UAHC

MARC

LEADER 00000nmm a22000007a 4500
001 000321
003 UAHC_CL
005 20250507111144.0
008 250401s2022 cl o d 000 spa
040 |a UAHC_CL  |c UAHC_CL  |d UAHC_CL 
100 |a Donoso Troncoso, Carolina  |9 21342 
245 1 0 |a Vivir en la periferia :  |c Carolina Donoso ; profesora guía Javiera Cienfuegos.  |b experiencias y estrategias de trabajadoras de casa particular “puertas afuera”, residentes en la comuna de Maipú 
260 |a Santiago, Chile :  |b Universidad Academia de Humanismo Cristiano,   |c 2022. 
300 |a 83 páginas. 
500 |a Tesis para optar al grado académico de Licenciado/a en Sociología y al título de Sociólogo/a. 
502 |a Tesis (Sociología) -- Universidad Academia de Humanismo Cristiano, 2022. 
516 |a Tesis electrónica (PDF). Solicitar envío de documento a biblioteca@academia.cl. 
520 |a En el escenario actual de Chile, se han desencadenado transformaciones sociales que han redefinido los roles y la importancia de la mujer en la sociedad. Movimientos sociales han surgido en distintos puntos del país, subrayando la urgencia de abordar las desigualdades y violencias de género arraigadas. Esta dinámica de cambio y la consiguiente reevaluación de la mujer en el ámbito social han destacado la necesidad de profundizar en una perspectiva de género que reconozca y dé voz a grupos femeninos históricamente invisibilizados, especialmente aquellos que habitan la marginalidad. En este contexto, surge la imperativa necesidad de revisar el concepto del trabajo doméstico, una labor fundamental en las atribuciones tradicionalmente asignadas a la mujer. Este trabajo, aunque naturalizado, conlleva violencia de género con efectos históricos que repercuten en la incorporación de la mujer al mundo laboral y en la validación de su trabajo, tanto económicamente como en términos de reconocimiento social. 
650 0 |a Desplazamientos residencia-trabajo   |z Chile  |z Santiago  |9 9918 
650 0 |a Marginalidad social  |x Investigaciones  |9 21211 
700 |a Cienfuegos Illanes, Javiera  |9 3449  |e profesora guía 
856 |u https://bibliotecadigital.academia.cl/handle/123456789/7452  |y Disponible en línea (PDF). Biblioteca Digital UAHC 
900 |a TSOC 305 
942 |c TS 
952 |0 0  |1 0  |2 ddc  |4 0  |6 TSOC_305_000000000000000  |7 0  |8 COMP  |9 100667  |a BC  |b BC  |c Digital  |d 2025-04-01  |l 0  |o TSOC 305  |r 2025-04-01 12:09:20  |w 2025-04-01  |y TS  |z Documento en PDF  |B SOC 
999 |c 62530  |d 62530